El suicidio de Werther (Registro nro. 174022)

Detalles MARC
000 -LEADER
campo de control de longitud fija 00880namaa22001931 4500
001 - NÚMERO DE CONTROL
campo de control 174022
003 - IDENTIFICADOR DE NÚMERO DE CONTROL
campo de control ES-MaACL
005 - FECHA Y HORA DE LA ÚLTIMA TRANSACCIÓN
campo de control 20231223063116.0
008 - DATOS DE LONGITUD FIJA--INFORMACIÓN GENERAL
campo de control de longitud fija 100205s1900 sp |||| | spa d
100 1# - ENTRADA PRINCIPAL--NOMBRE DE PERSONA
Nombre de persona Dicenta, Joaquín,
Fechas asociadas al nombre 1863-1917
9 (RLIN) 44474
245 13 - MENCIÓN DEL TÍTULO
Título El suicidio de Werther
Resto del título : drama en cuatro actos y en verso /
Mención de responsabilidad, etc. original de Don Joaquin Dicenta.
250 ## - MENCION DE EDICION
Mención de edición 2ª ed.
260 ## - PUBLICACIÓN, DISTRIBUCIÓN, ETC.
Lugar de publicación, distribución, etc. Madrid :
Nombre del editor, distribuidor, etc. [Administración Lírico-Dramática],
Fecha de publicación, distribución, etc. 1900 (
Fabricante R. Velasco imp.)
300 ## - DESCRIPCIÓN FÍSICA
Extensión 106 p. ;
Dimensiones 20 cm.
500 ## - NOTA GENERAL
Nota general Pertenecé á la "Administración Lirico Dramatica"
500 ## - NOTA GENERAL
Nota general En port.: Estrenado con extraordinario aplauso la noche del 23 de febrero de 1888, en el teatro de la Princesa.
852 ## - LOCALIZACIÓN
Ubicación ES-MaACL
Número de control de estantería F-8645(5)
Nota libre .- Enc. hol
-- .- Enc. en un vol. facticio formando parte de la col. facticia "Teatro español moderno" v. 102
Existencias
Estatus retirado Estado de pérdida Estado de daño No para préstamo Colección Biblioteca de origen Biblioteca actual Ubicación en estantería Fecha de adquisición Fuente de adquisición Total de préstamos Signatura topográfica completa Código de barras Visto por última vez Precio de reemplazo Tipo de ítem Koha
        Libros del s. XIX Biblioteca del Ateneo de Madrid Biblioteca del Ateneo de Madrid Sala Pecera Planta 2 05/02/2010     F-8645(5) 1182671 23/02/2023 23/02/2023 Libro impreso antiguo